Zielone trasy tramwajowe w Poznaniu - listopad 2024 - Statystyki

Ogólne statystyki
  • Ten quiz został rozwiązany 23 razy
  • Średni wynik to 5 z 11
Statystyki odpowiedzi
Przykład
linii
Ulica % Poprawnych
10 Wierzbięcice
65%
6 Grunwaldzka
60%
10 Naramowicka
60%
19 Winogrady
60%
17 Kórnicka
50%
3 Aleja Praw Kobiet
40%
8 Małe Garbary
35%
3 Unii Lubelskiej
35%
1 Żegrze
35%
5 Podwale
30%
9 28 Czerwca 1956 roku
15%
Nie znaleziono quizów pasujących do podanych kryteriów
Rozkład punktacji
Procent ludzi z każdym wynikiem
Percentyl według liczby udzielonych odpowiedzi
Twoja historia wyników
Nie rozwiązałeś tego quizu